Statistics for Nrl Rabbitohs Starting Lineup

Click here to take the quiz!

General Stats

  • This quiz has been taken 37 times
  • The average score is 11 of 17

Answer Stats

HintAnswer% Correct
FullbackMitchell
97%
5/8Walker
94%
HookerCook
90%
WingerJohnston
87%
LockMurray
87%
InterchangeBurgess
81%
CentreGraham
81%
HalfbackIlias
77%
Second-RowArrow
71%
PropTatola
68%
CentreTass
65%
WingerMilne
58%
InterchangeHavili
42%
PropNicholls
39%
InterchangeSele
39%
Second-RowKoloamatangi
35%
InterchangeNikorima
26%

Score Distribution

Percentile by Number Answered

Percent of People with Each Score

Your Score History

You have not taken this quiz